• 首页
  • 本馆介绍
  • 公告通知
  • 最新文献
  • 馆藏检索
  • 电子资源
  • 读者荐购
  • 参考咨询
  • CALIS
  • 我的图书馆
  • 登录
  • 详细信息显示
  • 放入我的书架
  • 预约/预借图书
  • 作者相关作品
  • 分类相关作品
  • 丛书相关作品
  • 出版社相关作品

书目信息

  • 表格格式
  • 工作单格式
  • 卡片格式
题名:
手绘卖场空间设计与表现
    
 
作者: 张恒国 , 陈鑫 著
分册:  
出版信息: 北京   清华大学出版社  2014
页数: 156页
开本: 19×26cm
丛书名:
单 册:
中图分类: TU247.2
科图分类:
主题词: 商店 , 室内装饰设计 , 商店--室内装饰设计--绘画技法--高等学校--教材 , 绘画技法
电子资源:
ISBN: 978-7-5121-1781-5
 
 
 
 
 
000 01062nam0 2200277 450
001 142301
005 20141220143941.62
010    @a978-7-5121-1781-5@dCNY 36.00
100    @a20140422d2014 em y0chiy50 ea
101 0  @achi
102    @aCN@b110000
105    @aa z 000yy
200 1  @a手绘卖场空间设计与表现@9shou hui mai chang kong jian she ji yu biao xian@b专著@f陈鑫,张恒国著
210    @a北京@c清华大学出版社@c北京交通大学出版社@d2014
215    @a156页@d19×26cm
300    @a普通高等院校“十二五”艺术与设计专业规划教材
330    @a本书内容包括手绘基本工具及用法,透视基本原理及用法,马克笔上色基本技法,以及马克笔手绘在卖场空间线稿表现、卖场空间柜台设计表现、店铺卖场空间、商场卖场空间的表现,并介绍了马克笔表现手绘技巧在卖场空间设计行业中的应用。
606 0  @a商店
606 0  @a室内装饰设计
606 0  @a商店@x室内装饰设计@x绘画技法@x高等学校@j教材
606 0  @a绘画技法
690    @aTU247.2@v5
701  0 @a张恒国@9zhang heng guo@c(美术)@4著
701  0 @a陈鑫@9chen xin@4著
801 0  @c20141220
905    @a241430@dTU247.2@eC595
    
    手绘卖场空间设计与表现/陈鑫,张恒国著.-北京:清华大学出版社:北京交通大学出版社,2014
    156页;19×26cm
    普通高等院校“十二五”艺术与设计专业规划教材
    
    ISBN 978-7-5121-1781-5:CNY 36.00
    本书内容包括手绘基本工具及用法,透视基本原理及用法,马克笔上色基本技法,以及马克笔手绘在卖场空间线稿表现、卖场空间柜台设计表现、店铺卖场空间、商场卖场空间的表现,并介绍了马克笔表现手绘技巧在卖场空间设计行业中的应用。
●
相关链接 在E读中查询图书 在当当中查询图书 在豆瓣中查询图书


正题名:手绘卖场空间设计与表现     索取号:TU247.2/C595         预约/预借

序号 登录号 条形码 馆藏地/架位号 状态 备注
1 1134520   211345203   建筑库101/101建筑库 107排3列4层/ [索取号:TU247.2/C595] 在馆    
2 1134521   211345212   建筑库101/101建筑库 107排3列4层/ [索取号:TU247.2/C595] 在馆    
3 1134522   211345221   建筑库101/101建筑库 107排3列4层/ [索取号:TU247.2/C595] 在馆    
河南城建学院图书馆 欢迎您!
大连网信软件有限公司© 版权所有